000 00725nam a2200241Ia 4500
003 OSt
005 20220923214531.0
006 a|||||r|||| 00| 0
007 ta
008 220922b |||||||| |||| 00| 0 hin d
024 _a170,505
037 _cTextual
040 _aARTS
_cARTS
_bhin
041 _2hin
_ahin
082 _aO152,3:g, K6
100 _aसुरेन्द्र
245 0 _aनई कहानी
_b दशा दिशा सम्भावना
246 _aNaī kahānī: dashā dishā sambhāvanā
260 _c1966
650 _aहिन्दी साहित्य
_9156264
942 _hO152,3:g, K6
_cTEXL
_2CC
999 _c324792
_d324792